Aparato digestivo / (Registro nro. 21599)

Detalles MARC
000 -LEADER
fixed length control field 01174nam a2200289 4500
001 - CONTROL NUMBER
control field 0000019435
003 - CONTROL NUMBER IDENTIFIER
control field CO-CtgCURN
005 - DATE AND TIME OF LATEST TRANSACTION
control field 20250331185147.0
007 - PHYSICAL DESCRIPTION FIXED FIELD--GENERAL INFORMATION
fixed length control field ta
008 - FIXED-LENGTH DATA ELEMENTS--GENERAL INFORMATION
fixed length control field 160627s2000 000 0 eng d
020 ## - INTERNATIONAL STANDARD BOOK NUMBER
International Standard Book Number 8445810308
040 ## - CATALOGING SOURCE
Original cataloging agency CO-CtgCURN
Language of cataloging spa
Transcribing agency coctgcurn
082 0# - DEWEY DECIMAL CLASSIFICATION NUMBER
Classification number 611.3
Item number A61
245 00 - TITLE STATEMENT
Title Aparato digestivo /
Statement of responsibility, etc. Coordinadora Gil Canalda, Inmaculada.
260 ## - PUBLICATION, DISTRIBUTION, ETC.
Place of publication, distribution, etc. Madrid :
Name of publisher, distributor, etc. Masson,
Date of publication, distribution, etc. 2000.
300 ## - PHYSICAL DESCRIPTION
Extent ix, 213 p.
336 ## - CONTENT TYPE
Source rdacontent
337 ## - MEDIA TYPE
Source rdamedia
Media type term sin mediacion
Media type code n
338 ## - CARRIER TYPE
Source rdacarrier
Carrier type term volumen
Carrier type code nc
490 1# - SERIES STATEMENT
Series statement Claves clinicas en medicina de familia
505 8# - FORMATTED CONTENTS NOTE
Formatted contents note Patología gastrica y helicobacter pylori.--Patología por causticos.--Patología motora del tuvo digestivo.--Diarrea cronica malabsorcion intestinal.--Lesiones preneoplasicas del tuvo digestivo diagnostico precoz de neoplasia digestivas.--Patología biliar.-- Patología pancreatica.--Tratamiento nutricional en patología digestiva
650 14 - SUBJECT ADDED ENTRY--TOPICAL TERM
Topical term or geographic name entry element Sistema digestivo.
700 1# - ADDED ENTRY--PERSONAL NAME
Personal name Martin Zurro, Amando,
Relator term Editor.
908 ## - PUT COMMAND PARAMETER (RLIN)
Put command parameter 160627
942 ## - ADDED ENTRY ELEMENTS (KOHA)
Koha item type Libros
Classification part 611.3
Item part A61
Source of classification or shelving scheme Dewey Decimal Classification
Existencias
Withdrawn status Lost status Source of classification or shelving scheme Damaged status Not for loan Collection Home library Current library Shelving location Date acquired Inventory number Total checkouts Full call number Barcode Date last seen Price effective from Koha item type Public note
    Dewey Decimal Classification     General Miguel Henríquez Emiliani Miguel Henríquez Emiliani General 03/29/2025 008205   611.3 A61 008205 03/29/2025 03/29/2025 Libros 610-CIENME